| 000 | 00335nam a2200145Ia 4500 | ||
|---|---|---|---|
| 008 | 230711s9999||||xx |||||||||||||| ||und|| | ||
| 041 | _aENG | ||
| 082 |
_a624 _bBA-C |
||
| 100 | _aBarry,R | ||
| 245 | 4 | _aThe construction of building | |
| 250 | _a2nd Ed. | ||
| 260 |
_c1988 _aNew Delhi _bElbs Britain |
||
| 650 | _aArchitecture | ||
| 942 | _cBK | ||
| 999 |
_c21 _d21 |
||